LEADER 01009nam0-22003251i-450- 001 990001106190403321 010 $a0-444-88075-5 035 $a000110619 035 $aFED01000110619 035 $a(Aleph)000110619FED01 035 $a000110619 100 $a20000920d1990----km-y0itay50------ba 101 0 $aeng 200 1 $aHandbook of Theoretical Computer Science$fEdited by Jan van Leeuwen 210 $aAmsterdam [etc.]$aCambridge$cElsevier$cThe MIT Press$d1990 300 $aContents: Vol. A: Algorithms and Complexity 300 $aVol. B: Formal Models and Semantics 610 0 $aTeoria della programmazione e utilizzazione dei computers 610 0 $aSoftware 676 $a510.78 700 1$aLeeuwen,$bJan : van$09380 801 0$aIT$bUNINA$gRICA$2UNIMARC 901 $aBK 912 $a990001106190403321 952 $a8B-263$b18120$fFI1 952 $a8B-263.001$b$fFI1 959 $aFI1 996 $aHandbook of Theoretical Computer Science$9337507 997 $aUNINA DB $aING01 LEADER 00588nam 2200205zu 450 001 9911001789403321 005 20250514230606.0 035 $a(CKB)38760914300041 035 $a(EXLCZ)9938760914300041 100 $a20250514|2025uuuu || | 101 0 $aeng 135 $aur||||||||||| 200 10$aRetroreflex Ellipsometry for Nonplanar Surfaces 210 $cKIT Scientific Publishing$d2025 311 08$a1000177504 700 $aChen$b Chia-Wei$01818821 906 $aBOOK 912 $a9911001789403321 996 $aRetroreflex Ellipsometry for Nonplanar Surfaces$94378253 997 $aUNINA